000 00763nam a2200241 a 4500
001 25304
003 BD-RjUL
005 20211209050847.0
008 140316r19551926enka b 001 0 eng d
035 _a(BD-RjUL)25373
035 _a(OCoLC)630564
040 _aMBB
_cMBB
_beng
_dBD-RjUL
041 _aeng
082 0 4 _a914.031
_bSAE 1955
100 1 _aSalzman, L. F.
_q(Louis Francis),
_d1878-1971
_977816
245 1 0 _aEnglish life in the Middle Ages /
_cby L.F. Salzman.
260 _aLondon :
_bOxford University Press,
_c1926 [reprinted 1955].
300 _a287 p. :
_bill. ;
_c21 cm.
504 _aBibliography: p. (283)-284. and index.
650 0 _aCivilization, Medieval.
_977817
651 0 _aEngland
_xSocial life and customs.
_977818
942 _2ddc
_cBK
999 _c25304
_d25304